000 00541nam a2200205Ia 4500
005 20250923145103.0
008 008 250917s9999 xx 000 0 eng d
037 _aTextual
040 _aDSWL
_beng
_cDSWL
041 _aeng
_2eng
084 _aR
_qDSWL
100 _aDevlin, Patrick
_9831666
245 0 _aEnforcemene of morals
_cby Patrick Devlin
260 _aLondon
_bOxford U.P.
_c1965
300 _avii,306 p.
365 _aINR
_b26.25
925 _g26.25
942 _cTEXL
_hR
999 _c1446924
_d1446924